Āpaṇā Javāhara. (Record no. 63355)

MARC details
000 -LEADER
fixed length control field 00537cam a22002171 4500
001 - CONTROL NUMBER
control field sa 65003778
003 - CONTROL NUMBER IDENTIFIER
control field DLC
005 - DATE AND TIME OF LATEST TRANSACTION
control field 20260227112125.0
008 - FIXED-LENGTH DATA ELEMENTS--GENERAL INFORMATION
fixed length control field 890630s1964 ii ac 000 0 gujo
010 ## - LIBRARY OF CONGRESS CONTROL NUMBER
LC control number sa 65003778
035 ## - SYSTEM CONTROL NUMBER
System control number (OCoLC)19954282
040 ## - CATALOGING SOURCE
Original cataloging agency DLC
Transcribing agency WaU
Modifying agency DLC
042 ## - AUTHENTICATION CODE
Authentication code premarc
050 00 - LIBRARY OF CONGRESS CALL NUMBER
Classification number DS481.N35
Item number M37
100 1# - MAIN ENTRY--PERSONAL NAME
Personal name Mehta, Rasik.
245 10 - TITLE STATEMENT
Title Āpaṇā Javāhara.
260 ## - PUBLICATION, DISTRIBUTION, ETC.
Date of publication, distribution, etc. [1964]
300 ## - PHYSICAL DESCRIPTION
Extent 176 p.
Other physical details illus., ports.
Dimensions 18 cm.
500 ## - GENERAL NOTE
General note In Gujarati.
600 10 - SUBJECT ADDED ENTRY--PERSONAL NAME
Personal name Nehru, Jawaharlal,
Dates associated with a name 1889-1964.

No items available.

Powered by Koha